[Event "EIBCC 2019"]
[Site "Tallinn"]
[Date "2019.12.07"]
[Round "8.34"]
[White "Gretarsson, Helgi Ass"]
[Black "Promyshlyanskiy, Vitaliy"]
[Result "0-1"]
[WhiteElo "2523"]
[BlackElo "2260"]
[Annotator "ChessBase"]
[PlyCount "107"]
[EventDate "2019.12.06"]
[EventType "swiss"]
[EventCountry "EST"]
[SourceTitle "playchess.com"]
[Source "ChessBase"]
[SourceQuality "1"]

1. d4 Nc6 2. Nf3 d6 3. e4 Nf6 4. Nc3 g6 5. d5 Nb8 6. h3 Bg7 7. Be2 O-O 8. O-O Nbd7 9. Re1 Nc5 10. Bf1 a5 11. Bf4 e5 12. dxe6 Nxe6 13. Be3 Bd7 14. Qd2 Bc6 15. Bh6 Nc5 16. Bxg7 Kxg7 17. Qd4 Ne6 18. Qe3 Re8 19. Rad1 Qc8 20. Bc4 Nh5 21. Nd5 Bxd5 22. exd5 Nc5 23. Qd4+ Kg8 24. g4 Ng7 25. Bb5 c6 26. Bc4 h5 27. Ng5 b5 28. Bf1 Qd8 29. Qf4 f6 30. Ne4 Nxe4 31. Rxe4 c5 32. Bxb5 Rxe4 33. Qxe4 Rb8 34. a4 hxg4 35. hxg4 f5 36. Qf4 Qe7 37. g5 Rf8 38. Kf1 Nh5 39. Qh2 Qe4 40. Qxd6 Qh1+ 41. Ke2 Qe4+ 42. Kd2 Qf4+ 43. Qxf4 Nxf4 44. Kc3 Nh3 45. d6 Nxf2 46. Rd5 Ne4+ 47. Kc4 f4 48. d7 Rd8 49. Re5 Nd6+ 50. Kxc5 Nf7 51. Re7 Kf8 52. Re8+ Kg7 53. Kb6 f3 54. Kc7 0-1

[Event "EIBCC 2019"]
[Site "Tallinn"]
[Date "2019.12.07"]
[Round "8.35"]
[White "Meyer, Falko"]
[Black "Stupak, Kirill"]
[Result "1/2-1/2"]
[WhiteElo "2248"]
[BlackElo "2459"]
[Annotator "ChessBase"]
[PlyCount "97"]
[EventDate "2019.12.06"]
[EventType "swiss"]
[EventCountry "EST"]
[SourceTitle "playchess.com"]
[Source "ChessBase"]
[SourceQuality "1"]

1. d4 g6 2. c3 Bg7 3. e4 d6 4. Nf3 Nf6 5. Nbd2 O-O 6. Bd3 c5 7. dxc5 dxc5 8. Bc2 Nc6 9. O-O Qc7 10. a4 b6 11. Re1 Nd7 12. Qe2 Bb7 13. Nf1 Rad8 14. Bg5 h6 15. Bh4 Qc8 16. Red1 Rfe8 17. Ne3 Ba6 18. Qe1 g5 19. Bg3 e6 20. Rd2 Nde5 21. Nxe5 Nxe5 22. Rad1 Rxd2 23. Qxd2 Bb7 24. Qd6 Ng6 25. Qd7 Ne5 26. Qd6 Ng6 27. Qd7 Nf4 28. Bxf4 gxf4 29. Nc4 Rf8 30. Qe7 Re8 31. Qd7 Bf6 32. Qxc8 Rxc8 33. Nd6 Rc7 34. Nxb7 Rxb7 35. Bd3 Rd7 36. Be2 Rc7 37. Bb5 Kg7 38. Kf1 Be5 39. Ke2 Kf6 40. Kf3 Ke7 41. Kg4 c4 42. g3 fxg3 43. hxg3 Bg7 44. f4 e5 45. Kf5 Rc5 46. Rd7+ Kf8 47. Rd8+ Ke7 48. Rd7+ Kf8 49. Rd8+ 1/2-1/2

[Event "EIBCC 2019"]
[Site "Tallinn"]
[Date "2019.12.07"]
[Round "8.36"]
[White "Troyke, Christian"]
[Black "Krutti, Valer"]
[Result "1-0"]
[WhiteElo "2247"]
[BlackElo "2379"]
[Annotator "NA"]
[PlyCount "51"]
[EventDate "2019.12.06"]
[EventType "swiss"]
[EventCountry "EST"]
[SourceTitle "playchess.com"]
[Source "ChessBase"]
[SourceQuality "1"]

1. g3 d5 2. Bg2 c6 3. c4 Nf6 4. Nf3 Bg4 5. Ne5 Be6 6. cxd5 Bxd5 7. Nf3 c5 8. Nc3 Bc6 9. O-O e6 10. Re1 Be7 11. e4 Nbd7 12. d4 cxd4 13. Nxd4 O-O 14. e5 Nd5 15. Nxd5 Bxd5 16. Bxd5 exd5 17. Nf5 g6 18. Nh6+ Kg7 19. Qxd5 Nc5 20. Qf3 Qd3 21. Be3 Rad8 22. Ng4 Kg8 23. Rad1 Qc2 24. Rxd8 Rxd8 25. Nh6+ Kh8 26. Nxf7+ 1-0

[Event "EIBCC 2019"]
[Site "Tallinn"]
[Date "2019.12.07"]
[Round "9.1"]
[White "Guseinov, Gadir"]
[Black "Demidov, Mikhail"]
[Result "1/2-1/2"]
[WhiteElo "2593"]
[BlackElo "2631"]
[Annotator "ChessBase"]
[PlyCount "112"]
[EventDate "2019.12.06"]
[EventType "swiss"]
[EventCountry "EST"]
[SourceTitle "playchess.com"]
[Source "ChessBase"]
[SourceQuality "1"]

1. e4 e6 2. d4 d5 3. Nd2 dxe4 4. Nxe4 Bd7 5. Nf3 Bc6 6. Bd3 Nd7 7. Qe2 Bxe4 8. Bxe4 c6 9. c3 Ngf6 10. Bc2 g6 11. O-O Bg7 12. Bf4 O-O 13. Rad1 Re8 14. Rfe1 Qb6 15. Bb1 Nd5 16. Bc1 Qc7 17. Ne5 Nxe5 18. dxe5 Rad8 19. h4 h5 20. Bg5 Ne7 21. Bf4 Rxd1 22. Rxd1 Rd8 23. Rd6 Nc8 24. Rd3 Rxd3 25. Bxd3 Ne7 26. Bg3 Bh6 27. Be4 Bg7 28. f4 Nd5 29. Bxd5 cxd5 30. Bf2 a6 31. g3 Bf8 32. Qe3 Qc6 33. Qd3 Bc5 34. Bxc5 Qxc5+ 35. Qd4 Qb5 36. Qd2 Qc4 37. a3 Qe4 38. Qf2 Kg7 39. Kh2 b5 40. Kg1 a5 41. Qd2 Kf8 42. Kh2 Ke8 43. Kg1 Kd7 44. Qf2 Kc6 45. b4 axb4 46. axb4 d4 47. cxd4 Kd5 48. Qa2+ Kxd4 49. Qa7+ Kd3 50. Qxf7 Ke2 51. Qc7 Kf3 52. Qc3+ Kg4 53. Kf2 Kf5 54. Qd2 Kg4 55. Qc3 Kf5 56. Qd2 Kg4 1/2-1/2

[Event "EIBCC 2019"]
[Site "Tallinn"]
[Date "2019.12.07"]
[Round "9.2"]
[White "Morozevich, Alexander"]
[Black "Motylev, Alexander"]
[Result "1-0"]
[WhiteElo "2712"]
[BlackElo "2629"]
[Annotator "TA"]
[PlyCount "211"]
[EventDate "2019.12.06"]
[EventType "swiss"]
[EventCountry "EST"]
[SourceTitle "playchess.com"]
[Source "ChessBase"]
[SourceQuality "1"]

1. e4 e5 2. Nf3 Nc6 3. Bb5 a6 4. Ba4 g6 5. c3 Bg7 6. d4 b5 7. Bc2 exd4 8. cxd4 d6 9. d5 Ne5 10. Nxe5 dxe5 11. a4 b4 12. O-O Nf6 13. Be3 a5 14. Nd2 Ng4 15. Bc5 Bf8 16. Bxf8 Kxf8 17. h3 Nf6 18. f4 exf4 19. Rxf4 Nh5 20. Rf2 Kg7 21. Qf3 Rf8 22. Raf1 f5 23. g4 Ba6 24. gxh5 Bxf1 25. Kxf1 fxe4 26. Qxf8+ Qxf8 27. Rxf8 Rxf8+ 28. Ke2 Rf5 29. hxg6 Rxd5 30. Bxe4 Rh5 31. gxh7 Rxh3 32. Nc4 Rh5 33. Ke3 Rg5 34. Kd4 Rh5 35. Ne5 Rh2 36. b3 Rh3 37. Bd3 Rh4+ 38. Kd5 Rh5 39. Ke6 Rh6+ 40. Kf5 Rh5+ 41. Kf4 Rh4+ 42. Ke3 Rh3+ 43. Kd4 Rh4+ 44. Kd5 Rh5 45. Bc2 Rh6 46. Nc4 Rh2 47. Be4 Rh3 48. Nxa5 Rh5+ 49. Kc6 Rxa5 50. Kxc7 Re5 51. Bd3 Rd5 52. Be2 Re5 53. Bf1 Rf5 54. Bb5 Rf3 55. Bc4 Rc3 56. a5 Rxc4+ 57. bxc4 b3 58. a6 b2 59. a7 b1=Q 60. a8=Q Kxh7 61. c5 Qf5 62. Qc6 Qf4+ 63. Qd6 Qb4 64. c6 Qa5+ 65. Kb7 Qb5+ 66. Kc8 Qa6+ 67. Kd7 Qa4 68. Qe5 Kh6 69. Qe6+ Kh5 70. Qd5+ Kh4 71. Ke6 Qa6 72. Kf5 Qc8+ 73. Qd7 Qf8+ 74. Ke6 Qh6+ 75. Ke7 Qg5+ 76. Kd6 Qf4+ 77. Kc5 Qc1+ 78. Kb6 Qb2+ 79. Ka7 Qa3+ 80. Kb7 Qb4+ 81. Kc8 Qa4 82. Qe7+ Kg4 83. Qe6+ Kg3 84. Kd7 Kg2 85. Ke7 Qb4+ 86. Kf7 Qf4+ 87. Kg6 Qc1 88. Qe4+ Kh2 89. Qe5+ Kh1 90. c7 Qc6+ 91. Kf7 Qd7+ 92. Kf6 Qc8 93. Ke7 Qb7 94. Qh5+ Kg2 95. Qc5 Qc8 96. Qc6+ Kf2 97. Qd7 Qh8 98. c8=Q Qg7+ 99. Ke6 Qg4+ 100. Kd5 Qd1+ 101. Kc6 Qa4+ 102. Kb6 Qb4+ 103. Qb5 Qd6+ 104. Kb7 Qe7+ 105. Qc7 Qe4+ 106. Ka7 1-0

[Event "EIBCC 2019"]
[Site "Tallinn"]
[Date "2019.12.07"]
[Round "9.3"]
[White "Sargissian, Gabriel"]
[Black "Saric, Ante"]
[Result "0-1"]
[WhiteElo "2676"]
[BlackElo "2577"]
[Annotator "ChessBase"]
[PlyCount "66"]
[EventDate "2019.12.06"]
[EventType "swiss"]
[EventCountry "EST"]
[SourceTitle "playchess.com"]
[Source "ChessBase"]
[SourceQuality "1"]

1. d4 Nf6 2. c4 e6 3. Nf3 b6 4. g3 Bb7 5. Bg2 Bb4+ 6. Bd2 Be7 7. O-O c6 8. Nc3 d5 9. Qb3 O-O 10. Rfd1 Nbd7 11. Rac1 c5 12. cxd5 Nxd5 13. e4 Nxc3 14. Bxc3 Bxe4 15. dxc5 Bd5 16. Rxd5 exd5 17. c6 Nc5 18. Qd1 Rc8 19. b4 Ne4 20. b5 Ba3 21. Rc2 a6 22. Nd4 axb5 23. Bxe4 dxe4 24. Qg4 h5 25. Qxe4 b4 26. Ba1 Re8 27. Qf3 Re1+ 28. Kg2 Rxa1 29. Nf5 b3 30. axb3 Qd1 31. Qxd1 Rxd1 32. Ra2 Bf8 33. Rc2 g6 0-1

[Event "EIBCC 2019"]
[Site "Tallinn"]
[Date "2019.12.07"]
[Round "9.4"]
[White "Mamedov, Rauf"]
[Black "Galopoulos, Nikolaos"]
[Result "1/2-1/2"]
[WhiteElo "2670"]
[BlackElo "2429"]
[Annotator "ChessBase"]
[PlyCount "176"]
[EventDate "2019.12.06"]
[EventType "swiss"]
[EventCountry "EST"]
[SourceTitle "playchess.com"]
[Source "ChessBase"]
[SourceQuality "1"]

1. e4 e5 2. Nc3 Nc6 3. Nf3 Nf6 4. Bb5 Nd4 5. O-O Nxb5 6. Nxb5 d6 7. d4 c6 8. dxe5 Nxe4 9. exd6 cxb5 10. Qe2 Bxd6 11. Qxe4+ Qe7 12. Qd3 O-O 13. Re1 Qc7 14. h3 g6 15. Bh6 Rd8 16. Qd4 Bf8 17. Qh4 Bxh6 18. Qxh6 f6 19. c3 Qf7 20. Re3 Bd7 21. Rae1 Re8 22. Qf4 Rxe3 23. Rxe3 Re8 24. a3 Rxe3 25. Qxe3 a6 26. Qc5 Bc6 27. Nd4 Qd5 28. Qxd5+ Bxd5 29. f4 Kf7 30. Kf2 Ke7 31. g3 Kd6 32. b4 b6 33. Ke3 Bg2 34. h4 Bh3 35. Ke4 Bg2+ 36. Kd3 Kd5 37. Ke3 Kc4 38. Kd2 Kd5 39. Kd3 Bf1+ 40. Ke3 Kc4 41. Kd2 Kd5 42. Ke3 Kc4 43. Kd2 Kd5 44. Ke1 Bg2 45. Kf2 Bh3 46. Ke3 Kc4 47. Kd2 Kd5 48. Ke3 Kc4 49. Kd2 Kd5 50. Kd3 Bf1+ 51. Ke3 Kc4 52. Kd2 Kd5 53. f5 Ke4 54. fxg6 hxg6 55. g4 Kf4 56. h5 gxh5 57. gxh5 Kg5 58. Ke3 Kxh5 59. Kf4 a5 60. Nc6 axb4 61. axb4 Kg6 62. Ne7+ Kf7 63. Nd5 Ke6 64. Nxb6 Kd6 65. Nc8+ Kd5 66. Ke3 f5 67. Ne7+ Ke6 68. Ng6 Kd5 69. Nf4+ Kc4 70. Kd2 Kb3 71. Nd5 Bc4 72. Nf4 Bf1 73. Ne6 Kc4 74. Nf4 Kb3 75. Nd5 Bg2 76. Nf4 Be4 77. Ne6 Kc4 78. Nf4 Kb3 79. Ne2 Kc4 80. Ng3 Kb3 81. Nh5 Kc4 82. Nf4 Kb3 83. Ne6 Kc4 84. Nf4 Kb3 85. Ne2 Kc4 86. Ng3 Kb3 87. Ne2 Kc4 88. Nf4 Kb3 1/2-1/2

[Event "EIBCC 2019"]
[Site "Tallinn"]
[Date "2019.12.07"]
[Round "9.5"]
[White "Lysyj, Igor"]
[Black "Kozak, Adam"]
[Result "1-0"]
[WhiteElo "2600"]
[BlackElo "2385"]
[Annotator "ChessBase"]
[PlyCount "117"]
[EventDate "2019.12.06"]
[EventType "swiss"]
[EventCountry "EST"]
[SourceTitle "playchess.com"]
[Source "ChessBase"]
[SourceQuality "1"]

1. d4 Nf6 2. c4 e6 3. Nf3 d5 4. g3 Bb4+ 5. Bd2 Be7 6. Bg2 O-O 7. O-O Nbd7 8. Qc2 c6 9. a3 b6 10. cxd5 cxd5 11. Rc1 Ba6 12. Bb4 Rc8 13. Nc3 Bb7 14. Qd1 a6 15. e3 Nb8 16. Bxe7 Qxe7 17. Na4 Nbd7 18. Rxc8 Rxc8 19. Rc1 Rxc1 20. Qxc1 Qd6 21. Ne5 Kf8 22. Qc3 Ke7 23. f3 Ne8 24. Bf1 f6 25. Nxd7 Kxd7 26. Bd3 h6 27. Bg6 Nc7 28. Qb3 Nb5 29. Bd3 Qc6 30. Bxb5 axb5 31. Nc3 Ba6 32. Qb4 Ke8 33. b3 Kf7 34. Kf2 g5 35. e4 dxe4 36. fxe4 Qc7 37. Ke3 h5 38. d5 h4 39. d6 Qc5+ 40. Qxc5 bxc5 41. b4 c4 42. a4 bxa4 43. b5 Bb7 44. Nxa4 f5 45. exf5 exf5 46. Nc5 Bd5 47. Kd4 f4 48. gxf4 gxf4 49. b6 f3 50. Ke3 Bc6 51. b7 Bxb7 52. Nxb7 Ke6 53. Kxf3 Kd7 54. Ke4 Kc6 55. Na5+ Kxd6 56. Nxc4+ Ke6 57. Kf4 Kf6 58. Kg4 Kg6 59. Kxh4 1-0

[Event "EIBCC 2019"]
[Site "Tallinn"]
[Date "2019.12.07"]
[Round "9.6"]
[White "Esipenko, Andrey"]
[Black "Mustaps, Matiss"]
[Result "1-0"]
[WhiteElo "2582"]
[BlackElo "2361"]
[Annotator "ChessBase"]
[PlyCount "72"]
[EventDate "2019.12.06"]
[EventType "swiss"]
[EventCountry "EST"]
[SourceTitle "playchess.com"]
[Source "ChessBase"]
[SourceQuality "1"]

1. d4 Nf6 2. c4 g6 3. Nc3 Bg7 4. e4 O-O 5. Nf3 d6 6. Be2 Na6 7. O-O e5 8. Re1 exd4 9. Nxd4 Nc5 10. Bf1 Re8 11. f3 a5 12. Be3 Bd7 13. Qd2 Ne6 14. Rad1 Nxd4 15. Bxd4 Be6 16. b3 Nd7 17. Be3 Qf6 18. Nb5 Qd8 19. Bg5 Bf6 20. Be3 a4 21. Nd4 axb3 22. axb3 Nc5 23. b4 Nd7 24. c5 Bxd4 25. Bxd4 dxc5 26. bxc5 Qe7 27. Qc3 f6 28. Rb1 b6 29. cxb6 cxb6 30. Bb5 Rec8 31. Qe3 Ne5 32. Bxb6 Ra2 33. Re2 Rxe2 34. Bxe2 Bc4 35. Rc1 Qe6 36. Bd1 Re8 1-0

[Event "EIBCC 2019"]
[Site "Tallinn"]
[Date "2019.12.07"]
[Round "9.7"]
[White "Pershin, Denis"]
[Black "Sanal, Vahap"]
[Result "1-0"]
[WhiteElo "2359"]
[BlackElo "2563"]
[Annotator "ChessBase"]
[PlyCount "177"]
[EventDate "2019.12.06"]
[EventType "swiss"]
[EventCountry "EST"]
[SourceTitle "playchess.com"]
[Source "ChessBase"]
[SourceQuality "1"]

1. d4 Nf6 2. c4 e6 3. Nc3 Bb4 4. Qc2 d6 5. Nf3 Nbd7 6. Bd2 b6 7. a3 Bxc3 8. Bxc3 Bb7 9. e3 Ne4 10. Bd3 Nxc3 11. Qxc3 Qe7 12. b4 a5 13. Bc2 e5 14. Bf5 Bxf3 15. gxf3 Nf6 16. O-O g6 17. Bh3 O-O 18. Bg2 exd4 19. Qxd4 Rad8 20. f4 h5 21. Rab1 axb4 22. axb4 Ng4 23. h3 Nh6 24. Ra1 Nf5 25. Qe4 Qf6 26. Ra7 Rd7 27. Qc6 Qd8 28. Rfa1 Qe7 29. Qe4 Qf6 30. Qc6 Qe7 31. Qe4 Qf6 32. Ra8 Re7 33. Rxf8+ Kxf8 34. Ra8+ Kg7 35. Qb7 Kh7 36. Qc8 Qg7 37. Bd5 Nh4 38. Qd8 f6 39. Bg8+ Kh6 40. Bd5 g5 41. Qh8+ Qxh8 42. Rxh8+ Kg6 43. Rg8+ Kh6 44. Rh8+ Kg6 45. Rg8+ Kf5 46. fxg5 fxg5 47. Rh8 Kg6 48. Rg8+ Kf6 49. Rh8 Kg6 50. Rg8+ Rg7 51. Be4+ Kf6 52. Rh8 g4 53. Rxh5 gxh3+ 54. Kh2 Rg4 55. f3 Nxf3+ 56. Bxf3 Rxc4 57. b5 Rc3 58. Kxh3 Rxe3 59. Kg2 Rc3 60. Bc6 Ra3 61. Rh7 Ra7 62. Kf3 Ke5 63. Ke3 Ra3+ 64. Kd2 Ra7 65. Kd3 Ra3+ 66. Kc4 Ra7 67. Re7+ Kf6 68. Re1 Ra4+ 69. Kd5 Ra2 70. Re6+ Kf7 71. Be8+ Kf8 72. Bh5 Rc2 73. Be2 Kf7 74. Re3 Kf6 75. Kd4 Ra2 76. Bc4 Ra7 77. Re6+ Kf5 78. Re7 Kf6 79. Rf7+ Kg6 80. Rd7 Kf6 81. Kd5 Kg5 82. Kc6 Kf4 83. Rxc7 Ra4 84. Kxd6 Ke4 85. Bd5+ Kd4 86. Bc6 Ra1 87. Rh7 Rg1 88. Rh4+ Kc3 89. Kc7 1-0

[Event "EIBCC 2019"]
[Site "Tallinn"]
[Date "2019.12.07"]
[Round "9.8"]
[White "Ladva, Ottomar"]
[Black "Ortega Ruiz, Jose Miguel"]
[Result "1-0"]
[WhiteElo "2457"]
[BlackElo "2272"]
[Annotator "ChessBase"]
[PlyCount "48"]
[EventDate "2019.12.06"]
[EventType "swiss"]
[EventCountry "EST"]
[SourceTitle "playchess.com"]
[Source "ChessBase"]
[SourceQuality "1"]

1. Nf3 Nc6 2. d4 d5 3. Bf4 Bg4 4. e3 a6 5. c4 e6 6. Nc3 Nf6 7. Be2 Bd6 8. Bg5 dxc4 9. Bxc4 h6 10. Bh4 g5 11. Bg3 Bxg3 12. hxg3 Qd6 13. Qa4 Bxf3 14. gxf3 O-O-O 15. Rc1 Nb8 16. Be2 h5 17. Ne4 Nxe4 18. fxe4 h4 19. g4 h3 20. Bf3 e5 21. d5 Nd7 22. O-O h2+ 23. Kh1 Nb6 24. Qb3 Qf6 1-0

[Event "EIBCC 2019"]
[Site "Tallinn"]
[Date "2019.12.07"]
[Round "9.9"]
[White "Andriasian, Zaven"]
[Black "Potapov, Pavel"]
[Result "1-0"]
[WhiteElo "2766"]
[BlackElo "2464"]
[Annotator "TA"]
[PlyCount "97"]
[EventDate "2019.12.06"]
[EventType "swiss"]
[EventCountry "EST"]
[SourceTitle "playchess.com"]
[Source "ChessBase"]
[SourceQuality "1"]

1. e4 c5 2. Nc3 Nc6 3. Bb5 Nd4 4. Nf3 e6 5. O-O a6 6. Bd3 Nc6 7. Re1 g5 8. Rf1 Bg7 9. Be2 h6 10. d3 Nge7 11. Be3 d6 12. h3 O-O 13. d4 cxd4 14. Nxd4 Ng6 15. Qd2 Nf4 16. Rad1 Nxd4 17. Bxd4 e5 18. Be3 Nxe2+ 19. Nxe2 f5 20. exf5 Bxf5 21. Ng3 Bg6 22. c4 Rc8 23. Qxd6 Qxd6 24. Rxd6 Be8 25. b3 b5 26. c5 Bc6 27. Rfd1 a5 28. Nh5 Kh7 29. h4 Rf5 30. Re6 Be8 31. Nxg7 Kxg7 32. hxg5 hxg5 33. g4 Rf7 34. Rxe5 Kg6 35. Rd6+ Rf6 36. Rxg5+ Kf7 37. Rxf6+ Kxf6 38. Rf5+ Ke6 39. Kg2 Bc6+ 40. Kg3 a4 41. bxa4 bxa4 42. Rh5 Rf8 43. Rh6+ Kd7 44. Bf4 Be4 45. f3 Bc2 46. c6+ Kc8 47. a3 Re8 48. c7 Kb7 49. Rd6 1-0

[Event "EIBCC 2019"]
[Site "Tallinn"]
[Date "2019.12.07"]
[Round "9.10"]
[White "Riazantsev, Alexander"]
[Black "Sebenik, Matej"]
[Result "1/2-1/2"]
[WhiteElo "2635"]
[BlackElo "2457"]
[Annotator "ChessBase"]
[PlyCount "104"]
[EventDate "2019.12.06"]
[EventType "swiss"]
[EventCountry "EST"]
[SourceTitle "playchess.com"]
[Source "ChessBase"]
[SourceQuality "1"]

1. d4 Nf6 2. c4 e6 3. Nf3 d5 4. Bg5 Be7 5. e3 O-O 6. Qc2 Nbd7 7. cxd5 exd5 8. Nc3 c6 9. Bd3 Re8 10. O-O h6 11. Bh4 Ne4 12. Bxe7 Qxe7 13. b4 a6 14. Rab1 Ndf6 15. Rfc1 Bf5 16. Na4 Bh7 17. Nc5 Nd6 18. Bxh7+ Nxh7 19. a4 Ng5 20. Nd2 Nge4 21. Ncxe4 dxe4 22. Nc4 Nxc4 23. Qxc4 Qe6 24. Qxe6 Rxe6 25. b5 cxb5 26. axb5 Rb6 27. bxa6 Rxb1 28. Rxb1 bxa6 29. Ra1 a5 30. g4 a4 31. Ra3 Kf8 32. Kf1 Ke7 33. Ke2 Kd6 34. Kd2 Kc6 35. Kc2 Kb5 36. Rc3 Ra7 37. Kb2 Kb4 38. Rc8 g6 39. h4 f5 40. gxf5 gxf5 41. Rc5 f4 42. Rc2 fxe3 43. fxe3 Rf7 44. d5 Rd7 45. Rd2 Kc5 46. Rd4 Rxd5 47. Rxe4 Kb5 48. Re6 h5 49. Re4 Rc5 50. Re8 Kb4 51. Re4+ Kb5 52. Re8 Kb4 1/2-1/2

[Event "EIBCC 2019"]
[Site "Tallinn"]
[Date "2019.12.07"]
[Round "9.11"]
[White "Zelbel, Patrick"]
[Black "Kulaots, Kaido"]
[Result "0-1"]
[WhiteElo "2425"]
[BlackElo "2562"]
[Annotator "ChessBase"]
[PlyCount "100"]
[EventDate "2019.12.06"]
[EventType "swiss"]
[EventCountry "EST"]
[SourceTitle "playchess.com"]
[Source "ChessBase"]
[SourceQuality "1"]

1. e4 c5 2. c3 d5 3. exd5 Qxd5 4. Nf3 Nf6 5. Na3 e6 6. d4 Nc6 7. Be3 cxd4 8. Nb5 Qd8 9. Nbxd4 Nd5 10. Qa4 Nxe3 11. Nxc6 Bd7 12. Nfe5 Nxf1 13. O-O-O Qg5+ 14. f4 Bxc6 15. Nxc6 b5 16. Qd4 Qd5 17. Qxd5 exd5 18. Rhxf1 Kd7 19. Ne5+ Kc7 20. Rxd5 f6 21. Nf7 Rg8 22. Rfd1 Re8 23. Rd7+ Kc6 24. Rd8 Bc5 25. b4 Be3+ 26. Kc2 Bxf4 27. Kb3 Bc7 28. Rxe8 Rxe8 29. a4 a6 30. axb5+ axb5 31. c4 bxc4+ 32. Kxc4 Re4+ 33. Rd4 Re2 34. Rg4 g5 35. h4 h5 36. Rd4 g4 37. b5+ Kb6 38. Nd6 Rxg2 39. Ne4 f5 40. Ng5 f4 41. Ne6 Bb8 42. Nxf4 Rc2+ 43. Kd3 Rc5 44. Ne6 Rxb5 45. Ke4 Rb3 46. Kf5 g3 47. Rd2 Rf3+ 48. Kg6 Rf2 49. Rd1 g2 50. Nd4 Rf1 0-1

[Event "EIBCC 2019"]
[Site "Tallinn"]
[Date "2019.12.07"]
[Round "9.12"]
[White "Loginov, Valery A"]
[Black "Ruck, Robert"]
[Result "1-0"]
[WhiteElo "2376"]
[BlackElo "2541"]
[Annotator "ChessBase"]
[PlyCount "47"]
[EventDate "2019.12.06"]
[EventType "swiss"]
[EventCountry "EST"]
[SourceTitle "playchess.com"]
[Source "ChessBase"]
[SourceQuality "1"]

1. Nf3 Nf6 2. g3 g6 3. Bg2 Bg7 4. c4 c6 5. d4 d5 6. Qb3 O-O 7. Nc3 dxc4 8. Qxc4 Bf5 9. O-O Nbd7 10. Re1 Ne4 11. Qb3 Nb6 12. Be3 Nxc3 13. bxc3 Be4 14. Rac1 Qd6 15. Bf4 Qd8 16. Red1 e6 17. c4 Qe7 18. c5 Nc8 19. Ne5 Bxg2 20. Kxg2 Rd8 21. Rb1 Bxe5 22. Bxe5 Rd7 23. Qf3 Qf8 24. Qf6 1-0

[Event "EIBCC 2019"]
[Site "Tallinn"]
[Date "2019.12.07"]
[Round "9.13"]
[White "Kukk, Sander"]
[Black "Turov, Maxim"]
[Result "1/2-1/2"]
[WhiteElo "2312"]
[BlackElo "2535"]
[Annotator "ChessBase"]
[PlyCount "115"]
[EventDate "2019.12.06"]
[EventType "swiss"]
[EventCountry "EST"]
[SourceTitle "playchess.com"]
[Source "ChessBase"]
[SourceQuality "1"]

1. b3 e5 2. Bb2 Nc6 3. e3 g6 4. Bb5 Bg7 5. Bxc6 dxc6 6. f4 Qh4+ 7. g3 Qe7 8. Nf3 Bg4 9. fxe5 Bxe5 10. Bxe5 Bxf3 11. Qxf3 Qxe5 12. O-O f5 13. Nc3 O-O-O 14. Rf2 Nf6 15. Re1 Rhe8 16. Qf4 Qc5 17. Qc4 Qxc4 18. bxc4 Ng4 19. Rfe2 Ne5 20. Kg2 Nxc4 21. d3 Nd6 22. e4 fxe4 23. Nxe4 Nxe4 24. Rxe4 Rxe4 25. Rxe4 Kd7 26. Rh4 h5 27. g4 Re8 28. gxh5 gxh5 29. Rxh5 Re2+ 30. Kf3 Rxc2 31. a4 c5 32. h4 a5 33. Rh7+ Kc6 34. Rh6+ Kd5 35. Rh7 Rh2 36. Kg3 Rd2 37. Rxc7 Rxd3+ 38. Kg4 Rd4+ 39. Kg5 Rxa4 40. Rxb7 Ra1 41. h5 c4 42. h6 c3 43. h7 Rh1 44. Kg6 a4 45. Rc7 Kd4 46. Rd7+ Kc4 47. Rc7+ Kb3 48. Rb7+ Ka2 49. Rc7 Kb2 50. Rb7+ Kc2 51. Ra7 Rg1+ 52. Kh6 Kb3 53. Rb7+ Ka2 54. Rc7 Kb2 55. Rb7+ Kc1 56. Ra7 c2 57. Rxa4 Rh1+ 58. Kg7 1/2-1/2

[Event "EIBCC 2019"]
[Site "Tallinn"]
[Date "2019.12.07"]
[Round "9.14"]
[White "Valner, Uku"]
[Black "Dragnev, Valentin"]
[Result "1-0"]
[WhiteElo "2274"]
[BlackElo "2523"]
[Annotator "ChessBase"]
[PlyCount "83"]
[EventDate "2019.12.06"]
[EventType "swiss"]
[EventCountry "EST"]
[SourceTitle "playchess.com"]
[Source "ChessBase"]
[SourceQuality "1"]

1. e4 e5 2. Nf3 Nc6 3. Bc4 Bc5 4. O-O Nf6 5. d4 exd4 6. e5 d5 7. exf6 dxc4 8. Re1+ Kf8 9. Bg5 Qd5 10. Nc3 Qf5 11. Ne4 Bb6 12. fxg7+ Kxg7 13. Bf6+ Kg8 14. Nxd4 Bxd4 15. Bxd4 Nxd4 16. Qxd4 Be6 17. Rad1 h5 18. Ng3 Qg6 19. Re5 Rh6 20. Ne4 Qg7 21. Qc5 Rg6 22. g3 h4 23. Qxc7 b6 24. Rd8+ Rxd8 25. Qxd8+ Qf8 26. Qxh4 f5 27. Ng5 Qe7 28. Rxe6 Rxe6 29. Nxe6 Qxe6 30. Qg5+ Kf8 31. Qe3 Qd5 32. Qe2 b5 33. c3 a5 34. a3 Kg7 35. h4 f4 36. Qg4+ Kh8 37. Qxf4 Qd1+ 38. Kh2 Qb3 39. Qd2 Qa2 40. h5 Qb1 41. h6 Kh7 42. Qg5 1-0

[Event "EIBCC 2019"]
[Site "Tallinn"]
[Date "2019.12.07"]
[Round "9.15"]
[White "Postny, Evgeny"]
[Black "Kauppila, Osmo"]
[Result "1-0"]
[WhiteElo "2661"]
[BlackElo "2327"]
[Annotator "ChessBase"]
[PlyCount "61"]
[EventDate "2019.12.06"]
[EventType "swiss"]
[EventCountry "EST"]
[SourceTitle "playchess.com"]
[Source "ChessBase"]
[SourceQuality "1"]

1. d4 Nf6 2. c4 c5 3. d5 b5 4. cxb5 a6 5. e3 axb5 6. Bxb5 Qa5+ 7. Nc3 Bb7 8. Bd2 Qb6 9. Nf3 Nxd5 10. a4 e6 11. O-O Be7 12. Ne5 O-O 13. e4 Nxc3 14. Bxc3 d6 15. Nc4 Qc7 16. Qg4 e5 17. Ne3 Nc6 18. Nf5 Bf6 19. Bxc6 Bxc6 20. f4 Bxe4 21. Nh6+ Kh8 22. fxe5 Bxe5 23. Qxe4 gxh6 24. Bxe5+ dxe5 25. a5 f5 26. Rxf5 Rxf5 27. Qxf5 c4 28. a6 Qb6+ 29. Kh1 Qxb2 30. Qf6+ Kg8 31. Rf1 1-0

[Event "EIBCC 2019"]
[Site "Tallinn"]
[Date "2019.12.07"]
[Round "9.16"]
[White "Babula, Vlastimil"]
[Black "Ahvenjarvi, Jani"]
[Result "1-0"]
[WhiteElo "2605"]
[BlackElo "2325"]
[Annotator "ChessBase"]
[PlyCount "103"]
[EventDate "2019.12.06"]
[EventType "swiss"]
[EventCountry "EST"]
[SourceTitle "playchess.com"]
[Source "ChessBase"]
[SourceQuality "1"]

1. d4 Nf6 2. c4 e6 3. Nc3 Bb4 4. e3 b6 5. Nge2 c5 6. a3 Ba5 7. Bd2 O-O 8. Ng3 Bb7 9. f3 d5 10. cxd5 cxd4 11. exd4 Bxc3 12. bxc3 Qxd5 13. Bd3 Ba6 14. Bxa6 Nxa6 15. Qe2 Nc7 16. Ne4 Qf5 17. O-O Rfd8 18. a4 Nfd5 19. c4 Ne7 20. Bc3 Ne8 21. Rad1 Rac8 22. Bb2 Qa5 23. Ra1 Nd6 24. Nxd6 Rxd6 25. d5 Ng6 26. Ba3 Rdd8 27. dxe6 fxe6 28. Qxe6+ Kh8 29. Rad1 Qxa4 30. Rxd8+ Rxd8 31. Bb2 Qd7 32. Qe4 Rc8 33. h4 Re8 34. Qd5 Qxd5 35. cxd5 Nxh4 36. d6 Kg8 37. Rc1 Rd8 38. Rc7 Nf5 39. g4 Nxd6 40. Rxg7+ Kf8 41. Rxa7 Nf7 42. Bf6 Rb8 43. f4 b5 44. g5 b4 45. f5 b3 46. g6 hxg6 47. fxg6 Nd8 48. Rh7 Nf7 49. Rxf7+ Ke8 50. Bb2 Ra8 51. Rf2 Ra7 52. g7 1-0

[Event "EIBCC 2019"]
[Site "Tallinn"]
[Date "2019.12.07"]
[Round "9.17"]
[White "Yuffa, Daniil"]
[Black "Lopusiewicz, Piotr"]
[Result "1-0"]
[WhiteElo "2582"]
[BlackElo "2301"]
[Annotator "ChessBase"]
[PlyCount "95"]
[EventDate "2019.12.06"]
[EventType "swiss"]
[EventCountry "EST"]
[SourceTitle "playchess.com"]
[Source "ChessBase"]
[SourceQuality "1"]

1. d4 Nf6 2. c4 e6 3. g3 Bb4+ 4. Bd2 Be7 5. Bg2 d5 6. Nf3 O-O 7. O-O c6 8. Qb3 a5 9. Rd1 Nbd7 10. Bf4 b6 11. Qc2 Bb7 12. Nbd2 Rc8 13. e4 c5 14. exd5 exd5 15. Rac1 h6 16. Qf5 dxc4 17. Nxc4 Be4 18. Qh3 g5 19. Bxg5 hxg5 20. Nxg5 Bg6 21. d5 b5 22. Ne3 Bd6 23. Ne6 Qb6 24. Nxf8 Rxf8 25. Nf5 c4 26. Nxd6 Qxd6 27. a4 Kg7 28. Qh4 bxa4 29. Qxc4 Qb4 30. d6 Ne5 31. Qc3 Qxc3 32. Rxc3 Rd8 33. Rd4 Ne8 34. f4 Ng4 35. h3 Ngf6 36. Rc6 Bc2 37. g4 Bb3 38. g5 Nd7 39. f5 f6 40. h4 fxg5 41. hxg5 Ne5 42. Rc5 Nf7 43. f6+ Kf8 44. d7 Ned6 45. g6 Rxd7 46. gxf7 Bxf7 47. Rc6 a3 48. bxa3 1-0